Blockchain technology in supply chains advancing sustainability through transparency and innovation
| Main Authors: | |
|---|---|
| Format: | Article |
| Published: |
2025
|
| Series: | Business & Diplomacy Review
3 No. 1 |
| Subjects: | |
| Kulcsszavak: | blockchain technology sustainable supply chain management transparency environmental sustainability ethical business practices energy efficiency |
| Online Access: | http://publikaciotar.uni-bge.hu/2543 |
MARC
| LEADER | 00000nab a2200000 i 4500 | ||
|---|---|---|---|
| 001 | publ2543 | ||
| 005 | 20250909173444.0 | ||
| 008 | 250909s2025 hu o 000 zxx d | ||
| 022 | |a 3004-0116 | ||
| 040 | |a BGE Publikációtár Repozitórium |b hun | ||
| 100 | 1 | |a Keresztes Éva Réka | |
| 245 | 1 | 0 | |a Blockchain technology in supply chains |b advancing sustainability through transparency and innovation |c Keresztes Éva Réka |h [elektronikus dokumentum] |
| 260 | |c 2025 | ||
| 300 | |a 63-73 | ||
| 490 | 0 | |a Business & Diplomacy Review |v 3 No. 1 | |
| 650 | 4 | |a társadalomtudományok | |
| 695 | |a blockchain technology | ||
| 695 | |a sustainable supply chain management | ||
| 695 | |a transparency | ||
| 695 | |a environmental sustainability | ||
| 695 | |a ethical business practices | ||
| 695 | |a energy efficiency | ||
| 700 | 1 | |a Kovács Ildikó |e aut | |
| 700 | 1 | |a Horváth Annamária |e aut | |
| 856 | 4 | 0 | |u https://publikaciotar.uni-bge.hu/id/eprint/2543/1/05%20Keresztes%20%C3%89va%20R%C3%A9ka%20et%20al.pdf |z Dokumentum-elérés |